00418nam a2200133Ia 450000500170000000800410001702000180005808200240007610000240010024500700012426000400019430000150023444000350024920241107100848.0240126s9999 xx 000 0 und d a9780143424734 a330.95482 MUK;1 R aMukund, Kanakalatha 4aThe world of the Tamil merchant : pioneers of International trade bPenguin Random HouseaHaryanac2012 axliii, 191 aThe stories of Indian business